[Event "AUTO-INT-1020"]
[Site "http://www.queenalice.com/game.php?id=543521"]
[Date "2009.2.20"]
[Round "2"]
[White "dreddvedder"]
[Black "krystek23"]
[Result "0-1"]
[WhiteElo "1742"]
[BlackElo "2009"]

1. d4 Nf6 2. c4 e6 3. Nc3 d5 4. Bg5 Be7 5. e3 O-O 6. Bd3 c5 7. dxc5 Na6 8. cxd5
Nxc5 9. Bxf6 Bxf6 10. dxe6 Nxd3+ 11. Ke2 Qb6 12. exf7+ Rxf7 13. Qxd3 Qxb2+ 0-1

[Event "AUTO-INT-1020"]
[Site "http://www.queenalice.com/game.php?id=543522"]
[Date "2009.2.20"]
[Round "2"]
[White "krystek23"]
[Black "dreddvedder"]
[Result "1-0"]
[WhiteElo "2082"]
[BlackElo "1684"]

1. c4 e5 2. Nc3 f5 3. d4 exd4 4. Qxd4 Nf6 5. Qe5+ Be7 6. Qxf5 O-O 7. Nf3 d6 8.
Qc2 Bg4 9. g3 Bxf3 10. exf3 Nfd7 11. Be2 Nc6 12. Be3 Nce5 13. f4 Ng6 14. O-O-O
Nb6 15. h4 Bf6 16. c5 Bxc3 17. Qxc3 Na4 18. Qb3+ 1-0

[Event "AUTO-INT-1020"]
[Site "http://www.queenalice.com/game.php?id=543523"]
[Date "2009.2.20"]
[Round "2"]
[White "dreddvedder"]
[Black "jupar"]
[Result "0-1"]
[WhiteElo "1583"]
[BlackElo "1844"]

1. d4 d5 2. c4 e6 3. cxd5 exd5 4. Nf3 Nf6 5. Bg5 Be7 6. e3 Nbd7 7. Bd3 O-O 8.
O-O c6 9. Nc3 Re8 10. Nd2 Nf8 11. f3 h6 12. Bh4 N6d7 13. Bxe7 Qxe7 14. Re1 Nf6
15. e4 dxe4 16. fxe4 Bg4 17. Qb3 b5 18. h3 Be6 19. Qc2 Qd7 20. Nf3 Rad8 0-1

[Event "AUTO-INT-1020"]
[Site "http://www.queenalice.com/game.php?id=543524"]
[Date "2009.2.20"]
[Round "2"]
[White "jupar"]
[Black "dreddvedder"]
[Result "1-0"]
[WhiteElo "1838"]
[BlackElo "1589"]

1. e4 c5 2. Nf3 d6 3. d4 cxd4 4. Nxd4 Nf6 5. Nc3 a6 6. Be3 Qc7 7. Be2 e6 8. O-O
Be7 9. Bc4 Qxc4 10. f4 O-O 11. e5 Nd5 12. Nxd5 Qxd5 13. exd6 Bxd6 14. c3 Bd7 15.
Qf3 Qxf3 16. Nxf3 Bc6 17. Nd4 Bc5 18. Rae1 Bb5 19. Nxb5 Bxe3+ 20. Rxe3 1-0

[Event "AUTO-MASTER-638"]
[Site "http://www.queenalice.com/game.php?id=544275"]
[Date "2009.2.21"]
[Round "2"]
[White "dreddvedder"]
[Black "Hakkinen"]
[Result "0-1"]
[WhiteElo "1619"]
[BlackElo "1948"]

1. d4 Nf6 2. c4 d6 3. Nf3 g6 4. Nc3 Bg7 5. e4 Nc6 6. Be2 O-O 7. O-O b6 8. h3 Bb7
9. d5 Ne5 10. Nxe5 dxe5 11. f4 exf4 12. Bxf4 a6 13. e5 Nd7 14. Qd4 c5 15. dxc6
Bxc6 16. Rad1 Nc5 17. b4 Ne6 18. Qxb6 Qxb6+ 19. Kh1 Nxf4 20. Rxf4 Bxe5 21. c5
Qc7 0-1

[Event "AUTO-MASTER-638"]
[Site "http://www.queenalice.com/game.php?id=544276"]
[Date "2009.2.21"]
[Round "2"]
[White "Hakkinen"]
[Black "dreddvedder"]
[Result "1-0"]
[WhiteElo "1904"]
[BlackElo "1577"]

1. d4 Nf6 2. c4 e6 3. Nc3 Bb4 4. Bg5 Bxc3+ 5. bxc3 O-O 6. Nf3 c6 7. e4 d6 8. e5
dxe5 9. Nxe5 Nbd7 10. Nxd7 Qxd7 11. Bxf6 gxf6 12. Bd3 f5 13. Qh5 Kh8 14. g4 f6
15. O-O-O f4 16. Rhg1 Qf7 17. Qh6 Rg8 18. Qxf4 Rg5 19. h4 Ra5 20. g5 f5 21. Kb2
b5 22. Qe5+ Kg8 23. cxb5 cxb5 24. f4 1-0

[Event "AUTO-OPEN-1242"]
[Site "http://www.queenalice.com/game.php?id=550962"]
[Date "2009.3.5"]
[Round "2"]
[White "xerxe"]
[Black "dreddvedder"]
[Result "1-0"]
[WhiteElo "1636"]
[BlackElo "1661"]

1. e4 c5 2. Nf3 d6 3. Bb5+ Nc6 4. O-O Bd7 5. Ba4 Nf6 6. c3 Nxe4 7. Re1 Nf6 8. d4
cxd4 9. Nxd4 Nxd4 10. Qxd4 Bxa4 11. Qxa4+ Qd7 12. Qh4 e6 13. Bg5 Be7 14. Nd2 O-O
15. Ne4 Qd8 16. Rad1 1-0

[Event "AUTO-OPEN-1242"]
[Site "http://www.queenalice.com/game.php?id=550963"]
[Date "2009.3.5"]
[Round "2"]
[White "dreddvedder"]
[Black "xerxe"]
[Result "0-1"]
[WhiteElo "1644"]
[BlackElo "1653"]

1. d4 Nf6 2. c4 e6 3. Nc3 d5 4. cxd5 Nxd5 5. e4 Nb6 6. Nf3 Bb4 7. Bd3 O-O 8. Bg5
f6 9. Bh4 Qe8 10. Kf1 e5 11. d5 Bg4 12. a3 Bc5 13. h3 Bh5 14. g4 Bg6 15. b4 Bd4
0-1

[Event "AUTO-OPEN-1242"]
[Site "http://www.queenalice.com/game.php?id=550970"]
[Date "2009.3.5"]
[Round "2"]
[White "dreddvedder"]
[Black "XaraX"]
[Result "0-1"]
[WhiteElo "1682"]
[BlackElo "1811"]

1. d4 d5 2. c4 c6 3. cxd5 cxd5 4. Nf3 Nf6 5. Bg5 e6 6. e3 Be7 7. Bd3 O-O 8. O-O
h6 9. Bxf6 Bxf6 10. Nc3 Nc6 11. a3 a6 12. Bc2 g6 13. Qd3 b5 14. Rac1 Bb7 15. Nd2
Qc7 16. Ne2 Qd6 17. Nf4 e5 18. Nxg6 Rfe8 19. Nxe5 Bxe5 20. Qh7+ Kf8 21. dxe5
Qxe5 0-1

[Event "AUTO-OPEN-1242"]
[Site "http://www.queenalice.com/game.php?id=550971"]
[Date "2009.3.5"]
[Round "2"]
[White "XaraX"]
[Black "dreddvedder"]
[Result "1-0"]
[WhiteElo "1822"]
[BlackElo "1671"]

1. d4 Nf6 2. c4 g6 3. Nc3 Bg7 4. Bg5 O-O 5. e4 d6 6. Nf3 c5 7. d5 e6 8. Be2 h6
9. Bh4 g5 10. Bg3 Nh5 11. h3 Nxg3 12. fxg3 f5 13. Qc2 e5 14. O-O fxe4 15. Nxe4
Bf5 16. g4 Bh7 17. Bd3 Rf4 18. g3 Rf8 19. Kg2 Nd7 20. Nxd6 Bxd3 21. Qxd3 Nb6 22.
Nxb7 1-0

[Event "AUTO-INT-1016"]
[Site "http://www.queenalice.com/game.php?id=552202"]
[Date "2009.3.7"]
[Round "2"]
[White "wallt"]
[Black "dreddvedder"]
[Result "1-0"]
[WhiteElo "1924"]
[BlackElo "1612"]

1. e4 c5 2. e5 d5 3. d4 e6 4. c3 Nc6 5. Be3 cxd4 6. cxd4 Bb4+ 7. Nc3 Nge7 8. Bb5
O-O 9. Ne2 a6 10. Bxc6 bxc6 11. O-O Nf5 12. Bd2 c5 13. dxc5 Bxc5 14. Nf4 Bb7 15.
Qg4 Bd4 16. Rab1 Rc8 17. Nd3 Qc7 18. Rbc1 1-0

[Event "AUTO-INT-1016"]
[Site "http://www.queenalice.com/game.php?id=552203"]
[Date "2009.3.7"]
[Round "2"]
[White "dreddvedder"]
[Black "wallt"]
[Result "0-1"]
[WhiteElo "1616"]
[BlackElo "1920"]

1. d4 d5 2. c4 c6 3. cxd5 cxd5 4. Nf3 e6 5. Bg5 Nf6 6. e3 Be7 7. Nc3 O-O 8. Bd3
Nbd7 9. O-O Ng4 10. Bxe7 Qxe7 11. h3 Ngf6 12. e4 dxe4 13. Nxe4 Nxe4 14. Bxe4 Nf6
15. Bd3 Nd5 16. Re1 Bd7 17. Rc1 Nf4 0-1

[Event "AUTO-INT-1016"]
[Site "http://www.queenalice.com/game.php?id=552204"]
[Date "2009.3.7"]
[Round "2"]
[White "aureliano"]
[Black "dreddvedder"]
[Result "1-0"]
[WhiteElo "1589"]
[BlackElo "1730"]

1. e4 c5 2. Bc4 e6 3. Nc3 Nc6 4. Nf3 a6 5. O-O d6 6. g3 Qc7 7. Nh4 Nf6 8. d3 Be7
9. Be3 O-O 10. Ne2 b5 11. Bb3 Bb7 12. Nf4 Na5 13. Nxe6 fxe6 14. Bxe6+ Kh8 15.
Qf3 Nxe4 16. Qg4 Nf6 17. Qg5 Qc6 18. f3 Bc8 19. Nf5 1-0

[Event "AUTO-INT-1016"]
[Site "http://www.queenalice.com/game.php?id=552205"]
[Date "2009.3.7"]
[Round "2"]
[White "dreddvedder"]
[Black "aureliano"]
[Result "0-1"]
[WhiteElo "1624"]
[BlackElo "1583"]

1. d4 d5 2. c4 Bf5 3. Nc3 e6 4. Nf3 Nc6 5. Bg5 f6 6. Bh4 g5 7. Bg3 h5 8. h4 g4
9. Nd2 Bd6 10. Bxd6 Qxd6 11. e3 Nb4 12. cxd5 Nc2+ 13. Ke2 Qa6+ 14. Nc4 Qxc4+ 15.
Kd2 Qb4 16. Rc1 Qxb2 17. Rxc2 Bxc2 18. Qxc2 Qb4 19. Qg6+ Kd8 20. dxe6 Qb2+ 21.
Kd3 Ke7 0-1

[Event "Challenge"]
[Site "http://www.queenalice.com/game.php?id=553086"]
[Date "2009.3.9"]
[Round "-"]
[White "Marivaldo"]
[Black "dreddvedder"]
[Result "1-0"]
[WhiteElo "1814"]
[BlackElo "1737"]

1. d4 Nf6 2. Nf3 e6 3. Bg5 d5 4. a3 Be7 5. Bf4 c5 6. e3 O-O 7. Nc3 Nc6 8. Be2
Nh5 9. Bg3 Nxg3 10. hxg3 cxd4 11. exd4 Bf6 12. Qd3 Qb6 13. Qxh7# 1-0